BIBLIOTHÈQUE DE LA MAISON DU MEXIQUE

Logo 1 Logo 2

Mapeo de riesgos y vulnerabilidad en Centroamérica y México (notice nᵒ 6300)

détails MARC
000 -Sello discográfico
campo de control de longitud fija 01235nam a2200337 4500
005 - Identificación de versión
campo de control 20251016084628.0
010 ## - Número Estándar Internacional de Libros (ISBN)
Número (ISBN) 968-12-1041-7
099 ## - fechas locales
Tipo de ítem Koha LIBRO
100 ## - Datos de procesamiento general
Datos de procesamiento general 20230120d1999 m y1spay5003 ba
105 ## - Campo de datos codificados: Material textual, monográfico
Datos codificados de monografía a 001zy
200 1# - Título y mención de responsabilidad
Título propio Mapeo de riesgos y vulnerabilidad en Centroamérica y México
Designación general del material texto impreso
Otra información del título estudio de la capacidad para trabajar en situaciones de emergencia
Primer mención de responsabilidad Amado Ordoñez, Mónica Trujillo, Rafael Hernández
205 ## - Declaración de edición
Declaración de edición 1a ed
210 ## - Publicación, distribución, etc.
Lugar de publicación, distribución, etc. Managua
Nombre del editor, distribuidor, etc. Oxfam
Fecha de publicación, distribución, etc. 1999
215 ## - Descripción física
Designación de material específico y extensión del ítem 189 p
Otras características físicas il., mapas
Dimensiones 24 cm
345 ## - Nota de información de adquisición
Fuente de adquisición/dirección de la suscripción [OBSOLETO] Donación Alain Musset
606 ## - Término temático usado como materia
Elemento de entrada Evaluación de riesgos
Subdivisión geográfica América Central
Número Koha 11989
606 ## - Término temático usado como materia
Elemento de entrada Evaluación de riesgos
Subdivisión geográfica México
Número Koha 11990
606 ## - Término temático usado como materia
Elemento de entrada Prevención de desastres
Subdivisión geográfica América Central
Número Koha 11991
606 ## - Término temático usado como materia
Elemento de entrada Prevención de desastres
Subdivisión geográfica México
Número Koha 11992
660 ## - Código de área geográfica
Código MX
700 ## - Nombre personal - Responsabilidad primaria
Elemento de entrada Ordoñez Mejía
Parte del nombre distinta del elemento de entrada Amado
Número Koha 11993
701 ## - Nombre personal - Responsabilidad alternativa
Elemento de entrada Hernández
Parte del nombre distinta del elemento de entrada Rafael
Número Koha 11994
701 ## - Nombre personal - Responsabilidad alternativa
Elemento de entrada Trujillo
Parte del nombre distinta del elemento de entrada Mónica
Número Koha 11995
801 #0 - Fuente de origen
País FR
Agencia cm
Reglas de catalogación (convenciones descriptivas) AFNOR
900 ## -
-- 1/21874
900 ## -
-- 7100417642\080104
942 ## - ELEMENTOS DE ENTRADA SECUNDARIOS (KOHA)
Tipo de ítem Koha Livre
996 ## -
-- MEX
-- 751145101
-- MMAG
-- 007208
-- 363.34 O65MA
-- 20230120LIV
Exemplaires
Estatus retirado Estado de daño Estado de pérdida Fecha de adquisición Biblioteca de origen Biblioteca actual Ubicación en estantería Código de barras Precio de reemplazo Signatura topográfica completa No para préstamo Tipo de ítem Koha Nota pública Nota no pública
      05/08/2025 Casa México Paris Casa México Paris   007208 05/08/2025 363.34 O65MA   Livre 20230120LIV 751145101